| 000 | 01194aam a2200325 i 4500 | ||
|---|---|---|---|
| 001 | vtls000728591 | ||
| 003 | PNM | ||
| 005 | 20230328100451.0 | ||
| 008 | 160506t20132013my ao fr 000 0ceng | ||
| 015 | _aM13-15964 | ||
| 020 |
_a9789671156513 _qpaperback _cRM10.00 |
||
| 039 | 9 |
_a201605061538 _bVLOAD _c201404181102 _dirfah _c201404161700 _dzuraidahm _c201312191508 _dazril |
|
| 040 |
_aBNM _beng _cBNM _erda _dPPAK |
||
| 049 | _amal | ||
| 082 | 0 | 4 |
_223 _a759.9595 |
| 090 | 0 | 0 |
_a759.9595 _bVII _dKSF |
| 111 | 2 |
_aVIII (Exhibition) _d(2013 : _cSegaris Art Center, Kuala Lumpur) |
|
| 245 | 0 | 0 |
_aVIII : _b15 February - 11 March 2013 / |
| 246 | 3 |
_aEight : _b15 February - 11 March 2013 |
|
| 264 | 1 |
_aKuala Lumpur : _bSegaris Art Center (SAc), _c2013 |
|
| 300 |
_a70 pages : _bcolour illustrations, colour photographs ; _c22 cm |
||
| 336 |
_atext _2rdacontent |
||
| 336 |
_astill image _2rdacontent |
||
| 337 |
_aunmediated _2rdamedia |
||
| 338 |
_avolume _2rdacarrier |
||
| 500 | _aHeld at Segaris Art Center, Publika Shopping Gallery, Kuala Lumpur from 15 February until 11 March 2013. | ||
| 650 | 1 | 0 |
_aPainting, Malaysian _vExhibitions |
| 650 | 2 | 0 |
_aArt, Malaysian _vExhibitions |
| 942 |
_2ddc _cB |
||
| 999 |
_c191839 _d191839 |
||